Central Library OPAC University of Rajshahi

New introductory lectures on psycho-analysis / (Record no. 29236)

MARC details
000 -LEADER
fixed length control field 01012cam a22002891a 4500
001 - CONTROL NUMBER
control field 29236
003 - CONTROL NUMBER IDENTIFIER
rucl marc code BD-RjUL
005 - DATE AND TIME OF LATEST TRANSACTION
control field 20211209051404.0
008 - FIXED-LENGTH DATA ELEMENTS--GENERAL INFORMATION
fixed length control field 140402s1949 nyu 001 0 eng
035 ## - SYSTEM CONTROL NUMBER
System control number (BD-RjUL)29321
System control number (OCoLC)1098786
040 ## - CATALOGING SOURCE
Original cataloging agency DLC
Transcribing agency OClU
Modifying agency OCoLC
-- NjPoR
-- MWMU
-- DLC
-- BD-RjUL
Language of cataloging eng
041 1# - LANGUAGE CODE
Language code of text/sound track or separate title eng
Language code of original ger
082 ## - DEWEY DECIMAL CLASSIFICATION NUMBER
Classification number 131.3462
Author mark and year FRN 1949
100 1# - MAIN ENTRY--PERSONAL NAME
Personal name Freud, Sigmund,
Dates associated with a name 1856-1939.
9 (RLIN) 89253
245 10 - TITLE STATEMENT
Title New introductory lectures on psycho-analysis /
Statement of responsibility, etc. by Sigmund Freud ; translated by W.J.H. Sprott.
260 ## - PUBLICATION, DISTRIBUTION, ETC. (IMPRINT)
Place of publication, distribution, etc. New York :
Name of publisher, distributor, etc. W.W. Norton,
Date of publication, distribution, etc. c1949..
300 ## - PHYSICAL DESCRIPTION
Pagination 240 p. ;
Size 22 cm.
500 ## - GENERAL NOTE
General note Translation of: Neue Folge der Vorlesungen zur Einführung in die Psychoanalyse.
General note Includes index.
650 #0 - SUBJECT ADDED ENTRY--TOPICAL TERM
Topical term or geographic name as entry element Psychoanalysis.
9 (RLIN) 89254
700 1# - ADDED ENTRY--PERSONAL NAME
Personal name Sprott, W. J. H.
Fuller form of name (Walter John Herbert),
Dates associated with a name 1897-1971.
942 ## - ADDED ENTRY ELEMENTS (KOHA)
Source of classification or shelving scheme Dewey Decimal Classification
Koha item type Books
Holdings
Lost status Source of classification or shelving scheme Damaged status Not for loan Collection code Permanent Location Current Location Shelving location Date acquired Total Checkouts Full call number Date last seen Copy number Koha item type
  Dewey Decimal Classification   Added to bundle Non-fiction Central Library, University of Rajshahi Central Library, University of Rajshahi Reading Room 02/04/2014   131.3462 FRN 1949 02/04/2014 C-2 Books